Bilecik Bilecik Bilecik Bilecik Bilecik

The American presidency : (Record no. 4846)

MARC details
000 -BAŞLIK
Sabit Uzunluktaki Kontrol Alanı 01059nam a22003137a 4500
001 - KONTROL NUMARASI
Control Dosyası 0004864
003 - KONTROL NUMARASI KİMLİĞİ
Kontrol Alanı KOHA_MİRAKIL
005 - EN SON İŞLEM TARİHİ ve ZAMANI
Kontrol Alanı 20260207001427.0
007 - FİZİKSEL TANIM SABİT ALAN - GENEL BİLGİ
Sabit uzunluklu kontrol alanı ta
008 - SABİT UZUNLUKTAKİ VERİ ÖGELERİ - GENEL BİLGİ
Sabit Alan 090508b1990 us |||gr||||#||||0|eng |
020 ## - ISBN - ULUSLARARASI STANDART KİTAP NUMARASI
Isbn 087187542X
040 ## - KATALOGLAMA KAYNAĞI
Özgün Kataloglama Kurumu TR-BiSEU
Kataloglama Dili tur
Çeviri Kurumu TR-BiSEU
Açıklama Kuralları rda
041 0# - DİL KODU
Metin ya da ses kaydının dil kodu eng
044 ## - YAYINLAYAN/ÜRETEN KURULUŞUN ÜLKE KODU
ISO country code us
050 ## - SINIFLAMA ve YER NUMARASI
Sınıflama Numarası JK511
Yer Numarası .M55 1990
100 1# - KİŞİ ADI
Yazar Adı (Kişi adı) Milkis, Sidney M..
245 14 - ESER ADI BİLDİRİMİ
Başlık The American presidency :
Alt Eseradı vb. origins and development, 1776-1990/
Sorumluluk Bildirimi Sidney M. Milkis ; Sidney M. Milkis, Michael Nelson.
264 #1 - ÜRERİM, YAYIN, DAĞITIM ve TELİF BİLDİRİMİ
Yayın yeri Washington, D.C. :
Yayınlayan CQ Press
Yayın tarihi 1990
300 ## - FİZİKSEL TANIMLAMA
Sayfa, Cilt vb. xiii, 430 sayfa: resimli
336 ## - İÇERİK TÜRÜ
Content type term metin
Content type code txt
Source rdacontent
337 ## - MEDYA TÜRÜ
Media type term aracısız
Media type code n
Source rdamedia
338 ## - TAŞIYICI TÜRÜ
Carrier type term cilt
Carrier type code nc
Source rdacarrier
500 ## - GENEL NOT
Genel Not Includes bibliographical references and index.
650 #0 - KONU BAŞLIĞI EK GİRİŞ - KONU TERİMİ
Konusal terim veya coğrafi ad Presidents--United States--History.
9 (RLIN) 11916
650 #0 - KONU BAŞLIĞI EK GİRİŞ - KONU TERİMİ
Konusal terim veya coğrafi ad Executive power--United States--History.
9 (RLIN) 11917
650 #0 - KONU BAŞLIĞI EK GİRİŞ - KONU TERİMİ
Konusal terim veya coğrafi ad Constitutional history--United States.
9 (RLIN) 11918
650 #0 - KONU BAŞLIĞI EK GİRİŞ - KONU TERİMİ
Konusal terim veya coğrafi ad United States--Politics and government.
9 (RLIN) 11646
942 ## - EK GİRİŞ ÖGELERİ (KOHA)
Source of classification or shelving scheme Library of Congress Classification
Koha item type Book
Holdings
Materyal Türü Kalıcı Konum Mevcut Konum Raf Yeri Sınıflandırma Kaynağı Edinim Bilgisi Ana Konular Alt Konular Yer Numarası Demirbaş Numarası Fatura Tarihi Maliyet, Alış Fiyatı Maliyet, Yenileme Fiyatı Geri Çekilme Durumu Kayıp Durumu Hasarlı Durumu Kredi için değil Kayıt Tarih Toplam Ödünçverme Son Görülme Tarihi Son Kontrol Tarihi Genel / Bağış Notu
Book Prof. Dr. Azmi Özcan Kütüphanesi Prof. Dr. Azmi Özcan Kütüphanesi Uluğbey Salonu Library of Congress Classification Bağış SİYASET BİLİMİ Siyasi Kurumlar ve Kamu Yönetimi (Amerika Birleşik Devletleri) JK511 .M55 1990 0004864 13/08/2010 3.00 3.00         08/05/2009   05/12/2024 05/12/2024 Genel Bağış